[Event "Oberliga NRW 2122"]
[Site "Germany"]
[Date "2022.05.29"]
[Round "6.8"]
[White "Trzaska, Peter"]
[Black "Richter, Goetz"]
[Result "1/2-1/2"]
[WhiteElo "2073"]
[BlackElo "1971"]
[PlyCount "89"]
[EventDate "2021.10.31"]
[EventType "team-tourn"]
[EventRounds "9"]
[EventCountry "GER"]
[SourceTitle "EXT 2024"]
[Source "ChessBase"]
[SourceDate "2023.10.10"]
[SourceVersion "1"]
[SourceVersionDate "2023.10.10"]
[SourceQuality "1"]
[WhiteTeam "Erkenschwick"]
[BlackTeam "Koeln SF"]
[WhiteTeamCountry "GER"]
[BlackTeamCountry "GER"]

1. c4 c5 2. Nf3 e6 3. d4 cxd4 4. Nxd4 Bb4+ 5. Bd2 Qb6 6. Bxb4 Qxb4+ 7. Qd2 Qxd2+ 8. Kxd2 Nf6 9. Nc3 0-0 10. Ndb5 Nc6 11. Nd6 b6 12. e3 Ne8 13. Nxe8 Rxe8 14. Nb5 Rd8 15. Nd6 Na5 16. Be2 Nb7 17. Bf3 Rb8 18. Bxb7 Bxb7 19. e4 Kf8 20. Ke3 Ke7 21. Rad1 Bc6 22. Rd2 f6 23. Rhd1 Ra8 24. f4 Rab8 25. h4 g6 26. g3 f5 27. e5 Rg8 28. Nb5 Bxb5 29. cxb5 Rgd8 30. h5 Rbc8 31. Rh1 g5 32. fxg5 Rc5 33. Kf4 Rc4+ 34. Kf3 Re4 35. Re2 Rxe2 36. Kxe2 Rg8 37. g6 hxg6 38. hxg6 Rxg6 39. Rh7+ Kd8 40. Rh8+ Kc7 41. Ra8 Kb7 42. Rd8 Kc7 43. Ra8 Kb7 44. Rd8 Kc7 45. Ra8 1/2-1/2

[Event "Oberliga NRW 2122"]
[Site "Germany"]
[Date "2021.11.28"]
[Round "2.8"]
[White "Skabs, Denis"]
[Black "Trzaska, Peter"]
[Result "1/2-1/2"]
[WhiteElo "1985"]
[BlackElo "2073"]
[PlyCount "109"]
[EventDate "2021.10.31"]
[EventType "team-tourn"]
[EventRounds "9"]
[EventCountry "GER"]
[SourceTitle "EXT 2023"]
[Source "ChessBase"]
[SourceDate "2022.10.05"]
[SourceVersion "1"]
[SourceVersionDate "2022.10.05"]
[SourceQuality "1"]
[WhiteTeam "Brackel"]
[BlackTeam "Erkenschwick"]
[WhiteTeamCountry "GER"]
[BlackTeamCountry "GER"]

1. e4 d5 2. exd5 Nf6 3. d4 Nxd5 4. Bd3 c5 5. Bc4 e6 6. Nf3 Nb6 7. Bb5+ Bd7 8. Bxd7+ Qxd7 9. 0-0 Nc6 10. dxc5 Qxd1 11. Rxd1 Bxc5 12. b3 Ke7 13. Bb2 Rhd8 14. Nbd2 Kf8 15. Ne4 Be7 16. c4 Rxd1+ 17. Rxd1 Rd8 18. Rxd8+ Nxd8 19. Nd4 f5 20. Nc3 Kf7 21. Kf1 g6 22. Ke2 Nc6 23. Ncb5 Bf6 24. Nxc6 bxc6 25. Nd6+ Ke7 26. Ba3 Kd7 27. Nb7 Be7 28. Bxe7 Kxe7 29. f4 Nd7 30. Ke3 e5 31. fxe5 Nxe5 32. Kd4 Nd7 33. b4 g5 34. c5 Nf6 35. Ke5 f4 36. Na5 Ng4+ 37. Kf5 Ne3+ 38. Kxg5 Nxg2 39. Nxc6+ Ke6 40. Nd4+ Kd5 41. Nf3 Ne3 42. Kxf4 Nc2 43. a3 Nxa3 44. Ne5 Nc2 45. Nd3 Nd4 46. h4 Ne6+ 47. Kf5 Nc7 48. Ne5 h5 49. Kf6 Nb5 50. Kf5 Nd4+ 51. Kf6 Nb5 52. c6 Kd6 53. Nd3 Kxc6 54. Kg5 Nd4 55. Kxh5 1/2-1/2

[Event "Ruhrgebiet Verbandsliga Gruppe 1 1819"]
[Site "Nordrheinwestfalen"]
[Date "2019.05.05"]
[Round "9.1"]
[White "Frombach, Ralf"]
[Black "Trzaska, Peter"]
[Result "1/2-1/2"]
[WhiteElo "2177"]
[BlackElo "2061"]
[PlyCount "64"]
[EventDate "2018.09.23"]
[EventType "team-tourn"]
[EventRounds "9"]
[EventCountry "GER"]
[SourceTitle "EXT 2022"]
[Source "ChessBase"]
[SourceDate "2021.10.06"]
[SourceVersion "1"]
[SourceVersionDate "2021.10.06"]
[SourceQuality "1"]
[WhiteTeam "Hamm Koenigsspringer"]
[BlackTeam "Erkenschwick II"]
[WhiteTeamCountry "GER"]
[BlackTeamCountry "GER"]

1. Nf3 d5 2. c4 c6 3. e3 Nf6 4. Nc3 g6 5. d4 Bg7 6. Bd3 0-0 7. 0-0 Bf5 8. Bxf5 gxf5 9. cxd5 cxd5 10. Qb3 b6 11. Bd2 Nc6 12. Rfc1 Na5 13. Qc2 Ne4 14. Nxe4 fxe4 15. Bxa5 exf3 16. Bb4 fxg2 17. Qc7 Bf6 18. Qxd8 Rfxd8 19. Rc7 e5 20. Bc3 exd4 21. Bxd4 Bxd4 22. exd4 Re8 23. Kxg2 Re2 24. Kf3 Rxb2 25. Rg1+ Kf8 26. Rg5 Re8 27. Rxd5 Ree2 28. Rd8+ Kg7 29. Rxa7 Rxf2+ 30. Ke4 Rxa2 31. Rb7 Rxh2 32. d5 Rhe2+ 1/2-1/2

[Event "Oberliga NRW 1819"]
[Site "Germany"]
[Date "2018.09.16"]
[Round "1.8"]
[White "Trzaska, Peter"]
[Black "Biermann, Florian"]
[Result "1-0"]
[WhiteElo "2102"]
[BlackElo "2041"]
[PlyCount "59"]
[EventDate "2018.09.16"]
[EventType "team-tourn"]
[EventRounds "9"]
[EventCountry "GER"]
[SourceTitle "EXT 2020"]
[Source "ChessBase"]
[SourceDate "2019.10.17"]
[SourceVersion "1"]
[SourceVersionDate "2019.10.17"]
[SourceQuality "1"]
[WhiteTeam "Erkenschwick"]
[BlackTeam "Bochum SG"]
[WhiteTeamCountry "GER"]
[BlackTeamCountry "GER"]

1. Nf3 c5 2. c4 Nf6 3. d4 cxd4 4. Nxd4 e5 5. Nb5 d5 6. cxd5 Bc5 7. e3 0-0 8. Be2 e4 9. 0-0 a6 10. N5c3 Bf5 11. b3 b5 12. Bb2 Nbd7 13. Nd2 Bd6 14. a4 b4 15. Na2 Ne5 16. Nc4 Nd3 17. Bxf6 Qxf6 18. Bxd3 exd3 19. Qf3 Bb8 20. e4 Qh4 21. g3 Qxe4 22. Qxe4 Bxe4 23. Nxb4 Re8 24. Rfe1 a5 25. Nxd3 Kf8 26. Nc5 Bf5 27. Rxe8+ Kxe8 28. Re1+ Kd8 29. Nb7+ Kc7 30. Re7+ 1-0

[Event "Ruhrgebiet Verbandsliga Gruppe 1 1718"]
[Site "Germany"]
[Date "2018.03.18"]
[Round "8.1"]
[White "Trzaska, Peter"]
[Black "Watzlawek, Markus"]
[Result "1/2-1/2"]
[WhiteElo "2031"]
[BlackElo "2085"]
[PlyCount "22"]
[EventDate "2017.09.17"]
[EventType "team-tourn"]
[EventRounds "9"]
[EventCountry "GER"]
[SourceTitle "EXT 2022"]
[Source "ChessBase"]
[SourceDate "2021.10.06"]
[SourceVersion "1"]
[SourceVersionDate "2021.10.06"]
[SourceQuality "1"]
[WhiteTeam "Erkenschwick II"]
[BlackTeam "Eichlinghofen SV"]
[WhiteTeamCountry "GER"]
[BlackTeamCountry "GER"]

1. d4 f5 2. Bg5 g6 3. e4 fxe4 4. f3 d5 5. fxe4 dxe4 6. Bc4 Nf6 7. Nc3 Bg7 8. Nge2 Nc6 9. Bxf6 exf6 10. Nxe4 f5 11. N4c3 Nxd4 1/2-1/2

[Event "Ruhrgebiet Verbandsliga Gruppe 1 1718"]
[Site "Germany"]
[Date "2018.01.14"]
[Round "5.1"]
[White "Sokalskaja, Elena"]
[Black "Trzaska, Peter"]
[Result "0-1"]
[WhiteElo "1959"]
[BlackElo "2034"]
[PlyCount "64"]
[EventDate "2017.09.17"]
[EventType "team-tourn"]
[EventRounds "9"]
[EventCountry "GER"]
[SourceTitle "EXT 2022"]
[Source "ChessBase"]
[SourceDate "2021.10.06"]
[SourceVersion "1"]
[SourceVersionDate "2021.10.06"]
[SourceQuality "1"]
[WhiteTeam "Muelheim Nord IV"]
[BlackTeam "Erkenschwick II"]
[WhiteTeamCountry "GER"]
[BlackTeamCountry "GER"]

1. d4 d5 2. Nf3 c6 3. g3 Bf5 4. Bg2 h6 5. c4 e6 6. Nc3 Nf6 7. 0-0 Be7 8. Qb3 Qb6 9. c5 Qxb3 10. axb3 0-0 11. b4 a6 12. b5 cxb5 13. Nxb5 Nc6 14. Nc3 Ne4 15. Na4 e5 16. Nxe5 Nxd4 17. Be3 Nxe2+ 18. Kh1 d4 19. Rae1 dxe3 20. Rxe2 Nxf2+ 21. Kg1 Bg5 22. h4 Rae8 23. hxg5 Rxe5 24. Rfe1 Rfe8 25. Bxb7 Nh3+ 26. Kg2 Nxg5 27. Rc1 Bg4 28. Ree1 Rd8 29. Kh1 Rd2 30. Bg2 Nf3 31. Bxf3 Bxf3+ 32. Kg1 Rh5 0-1

[Event "Ruhrgebiet Verbandsliga Gruppe 1 1718"]
[Site "Germany"]
[Date "2017.10.08"]
[Round "2.1"]
[White "Trzaska, Peter"]
[Black "Roth, Markus"]
[Result "0-1"]
[WhiteElo "2044"]
[BlackElo "2143"]
[PlyCount "114"]
[EventDate "2017.09.17"]
[EventType "team-tourn"]
[EventRounds "9"]
[EventCountry "GER"]
[SourceTitle "EXT 2022"]
[Source "ChessBase"]
[SourceDate "2021.10.06"]
[SourceVersion "1"]
[SourceVersionDate "2021.10.06"]
[SourceQuality "1"]
[WhiteTeam "Erkenschwick II"]
[BlackTeam "Essen Werden"]
[WhiteTeamCountry "GER"]
[BlackTeamCountry "GER"]

1. d4 Nf6 2. Nf3 g6 3. c4 Bg7 4. Nc3 0-0 5. e4 d6 6. Be2 c5 7. dxc5 dxc5 8. Qxd8 Rxd8 9. Be3 b6 10. 0-0 Nc6 11. Rfd1 Ng4 12. Rxd8+ Nxd8 13. Bg5 Bxc3 14. bxc3 f6 15. Rd1 Be6 16. Bf4 g5 17. Bg3 Nc6 18. h3 Nh6 19. e5 Nf5 20. exf6 exf6 21. Bh2 Kf7 22. g4 Nfe7 23. Rd6 Na5 24. Nd2 Re8 25. Ne4 Nc8 26. f3 Ke7 27. Rd1 Bxc4 28. Bxc4 Nxc4 29. Re1 Kf7 30. Rd1 a5 31. Rd7+ Re7 32. Rd8 Na7 33. Bd6 Re6 34. Rd7+ Ke8 35. Rxa7 Nxd6 36. Ng3 Re7 37. Ra8+ Kd7 38. Nh5 Ke6 39. Rb8 b5 40. Rd8 Rf7 41. Ng3 Rd7 42. Ra8 a4 43. Ra6 Kd5 44. Nh5 Rf7 45. f4 Ne4 46. f5 Nxc3 47. Nxf6+ Kc4 48. Ne8 Rf8 49. Nd6+ Kd5 50. Nb7 c4 51. Rd6+ Ke5 52. Rb6 h5 53. Nc5 Rd8 54. Rb7 hxg4 55. hxg4 Rd4 56. Nd7+ Kf4 57. f6 Kg3 0-1

[Event "Ruhrgebiet Verbandsklasse 1617 Aufstieg"]
[Site "Germany"]
[Date "2017.05.28"]
[Round "1.1"]
[White "Trzaska, Peter"]
[Black "Schlottmann, Fabian"]
[Result "0-1"]
[WhiteElo "2037"]
[BlackElo "2254"]
[PlyCount "80"]
[EventDate "2017.05.28"]
[EventType "team-tourn"]
[EventRounds "3"]
[EventCountry "GER"]
[SourceTitle "EXT 2022"]
[Source "ChessBase"]
[SourceDate "2021.10.06"]
[SourceVersion "1"]
[SourceVersionDate "2021.10.06"]
[SourceQuality "1"]
[WhiteTeam "Erkenschwick II"]
[BlackTeam "Boenen SV"]
[WhiteTeamCountry "GER"]
[BlackTeamCountry "GER"]

1. Nf3 d5 2. c4 c6 3. cxd5 cxd5 4. d4 Nc6 5. g3 Nf6 6. Bg2 Bf5 7. Nc3 e6 8. 0-0 Bd6 9. Bf4 Bxf4 10. gxf4 0-0 11. Ne5 Qb6 12. Na4 Qb5 13. Nxc6 Qxc6 14. Rc1 Qb5 15. b3 Rfc8 16. Qd2 b6 17. e3 Bg6 18. f3 Qd7 19. Rfd1 Ne8 20. Bf1 Bh5 21. Qf2 Nd6 22. Bd3 Bg6 23. Bxg6 hxg6 24. Nb2 a5 25. Nd3 a4 26. Ne5 Qb5 27. Qf1 Rxc1 28. Rxc1 Qb4 29. Qe1 Qa3 30. Qc3 Qxa2 31. Ra1 Nb5 32. Qe1 Qxb3 33. Rb1 Qc3 34. Qe2 Nd6 35. Rxb6 a3 36. Ra6 Rxa6 37. Qxa6 Qxe3+ 38. Kf1 Nc4 39. Qc8+ Kh7 40. Nxf7 Nd2+ 0-1

[Event "Ruhrgebiet Verbandsklasse Gruppe 3 1617"]
[Site "Germany"]
[Date "2016.12.18"]
[Round "5.1"]
[White "Trzaska, Peter"]
[Black "Patzer, Joerg"]
[Result "1/2-1/2"]
[WhiteElo "2055"]
[BlackElo "1937"]
[PlyCount "28"]
[EventDate "2016.09.04"]
[EventType "team-tourn"]
[EventRounds "9"]
[EventCountry "GER"]
[SourceTitle "EXT 2022"]
[Source "ChessBase"]
[SourceDate "2021.10.06"]
[SourceVersion "1"]
[SourceVersionDate "2021.10.06"]
[SourceQuality "1"]
[WhiteTeam "Erkenschwick II"]
[BlackTeam "Horst Emscher II"]
[WhiteTeamCountry "GER"]
[BlackTeamCountry "GER"]

1. e4 d6 2. d4 g6 3. Nf3 Bg7 4. h3 Nf6 5. Nc3 0-0 6. Be2 c6 7. a4 b6 8. 0-0 Ba6 9. Bxa6 Nxa6 10. Qe2 Nc7 11. Bf4 d5 12. Bxc7 Qxc7 13. e5 Ne8 14. h4 Qd7 1/2-1/2

[Event "Ruhrgebiet Verbandsklasse Gruppe 3 1617"]
[Site "Germany"]
[Date "2016.11.27"]
[Round "4.1"]
[White "Schimnatkowski, Lukas"]
[Black "Trzaska, Peter"]
[Result "1/2-1/2"]
[WhiteElo "1912"]
[BlackElo "2055"]
[PlyCount "57"]
[EventDate "2016.09.04"]
[EventType "team-tourn"]
[EventRounds "9"]
[EventCountry "GER"]
[SourceTitle "EXT 2022"]
[Source "ChessBase"]
[SourceDate "2021.10.06"]
[SourceVersion "1"]
[SourceVersionDate "2021.10.06"]
[SourceQuality "1"]
[WhiteTeam "Katernberg SF IV"]
[BlackTeam "Erkenschwick II"]
[WhiteTeamCountry "GER"]
[BlackTeamCountry "GER"]

1. e4 c6 2. d3 d5 3. Nd2 g6 4. Ngf3 Bg7 5. g3 e5 6. Bg2 Ne7 7. 0-0 0-0 8. Re1 d4 9. a4 c5 10. Nc4 Nbc6 11. c3 Be6 12. cxd4 Bxc4 13. dxc4 Nxd4 14. Nxd4 exd4 15. Qb3 Qb6 16. Qb5 Nc6 17. Bd2 d3 18. Bc3 Nd4 19. Bxd4 Bxd4 20. Rad1 Qxb5 21. axb5 Bxb2 22. Rxd3 Bd4 23. e5 Rab8 24. Kf1 a5 25. f4 b6 26. Bd5 Kg7 27. Re2 Rfe8 28. Ke1 Re7 29. Kd1 1/2-1/2

[Event "Ruhrgebiet Verbandsklasse Gruppe 1 1516"]
[Site "Germany"]
[Date "2015.09.06"]
[Round "1.2"]
[White "Trzaska, Peter"]
[Black "Kock, Wolfgang"]
[Result "1-0"]
[WhiteElo "2056"]
[BlackElo "1973"]
[PlyCount "105"]
[EventDate "2015.09.06"]
[EventType "team-tourn"]
[EventRounds "9"]
[EventCountry "GER"]
[SourceTitle "EXT 2022"]
[Source "ChessBase"]
[SourceDate "2021.10.06"]
[SourceVersion "1"]
[SourceVersionDate "2021.10.06"]
[SourceQuality "1"]
[WhiteTeam "Recklinghausen Altstadt"]
[BlackTeam "Sodingen/Castrop SK III"]
[WhiteTeamCountry "GER"]
[BlackTeamCountry "GER"]

1. Nf3 Nf6 2. c4 d6 3. Nc3 e5 4. g3 g6 5. Bg2 Bg7 6. 0-0 0-0 7. d3 Nc6 8. Bg5 h6 9. Bxf6 Bxf6 10. Nd5 Bg7 11. Rb1 Ne7 12. Nd2 c6 13. Nxe7+ Qxe7 14. b4 Be6 15. b5 cxb5 16. Rxb5 Rab8 17. Qb3 b6 18. a4 Bd7 19. Rb4 Rbc8 20. Ne4 Bc6 21. Nc3 e4 22. Nxe4 Bxe4 23. Bxe4 Rc5 24. e3 h5 25. Bd5 h4 26. d4 Rc7 27. Qd3 hxg3 28. hxg3 Qg5 29. Rb5 Qf6 30. Kg2 Re8 31. Rfb1 Bh6 32. Qd1 Rce7 33. Qf3 Qg7 34. R1b3 Kh7 35. a5 bxa5 36. Rxa5 f5 37. Rab5 Bg5 38. Bc6 Rf8 39. Rb7 Rxb7 40. Rxb7 Rf7 41. Rb8 Rf8 42. Rb1 Qf6 43. Qd5 Rf7 44. Rb8 Bh6 45. Re8 Bf8 46. Re6 Qd8 47. Rxd6 Qxd6 48. Qxf7+ Bg7 49. Be8 a5 50. c5 Qa6 51. c6 a4 52. Qxg6+ Kh8 53. Bf7 1-0

[Event "Ruhrgebiet Regionalliga 1415"]
[Site "Germany"]
[Date "2015.04.12"]
[Round "8.8"]
[White "Ootes, Lars"]
[Black "Trzaska, Peter"]
[Result "1-0"]
[WhiteElo "2377"]
[BlackElo "2058"]
[PlyCount "51"]
[EventDate "2014.09.28"]
[EventType "team-tourn"]
[EventRounds "9"]
[EventCountry "GER"]
[SourceTitle "EXT 2022"]
[Source "ChessBase"]
[SourceDate "2021.10.06"]
[SourceVersion "1"]
[SourceVersionDate "2021.10.06"]
[SourceQuality "1"]
[WhiteTeam "Bochum SV II"]
[BlackTeam "Herne Sodingen"]
[WhiteTeamCountry "GER"]
[BlackTeamCountry "GER"]

1. e4 c6 2. d3 d5 3. Nd2 g6 4. Ngf3 Bg7 5. Be2 e5 6. 0-0 Ne7 7. a4 a5 8. c3 0-0 9. d4 exd4 10. Nxd4 Na6 11. exd5 Bxd4 12. cxd4 Nxd5 13. Ne4 Re8 14. Bf3 Bf5 15. Ng3 Be6 16. Bh6 Qb6 17. Qd2 Qb4 18. Bxd5 Bxd5 19. Qf4 Re6 20. h4 Rae8 21. Ra3 Qxb2 22. Re3 c5 23. Rd1 Qc2 24. Rde1 f5 25. Rxe6 Bxe6 26. Qe5 1-0

[Event "Ruhrgebiet Regionalliga 1415"]
[Site "Germany"]
[Date "2015.01.25"]
[Round "5.8"]
[White "Isdepski, Marcus"]
[Black "Trzaska, Peter"]
[Result "1/2-1/2"]
[WhiteElo "1855"]
[BlackElo "2079"]
[PlyCount "50"]
[EventDate "2014.09.28"]
[EventType "team-tourn"]
[EventRounds "9"]
[EventCountry "GER"]
[SourceTitle "EXT 2022"]
[Source "ChessBase"]
[SourceDate "2021.10.06"]
[SourceVersion "1"]
[SourceVersionDate "2021.10.06"]
[SourceQuality "1"]
[WhiteTeam "Borbeck Weisse Dame"]
[BlackTeam "Herne Sodingen"]
[WhiteTeamCountry "GER"]
[BlackTeamCountry "GER"]

1. e4 d5 2. exd5 Nf6 3. c4 c6 4. dxc6 Nxc6 5. Nf3 e5 6. d3 Bc5 7. Be2 e4 8. dxe4 Qb6 9. 0-0 Nxe4 10. Qe1 0-0 11. Bd3 Nd6 12. a3 Qb3 13. Qc3 Qxc3 14. Nxc3 Nd4 15. Nd2 a5 16. b3 Bf5 17. Bxf5 N6xf5 18. Nce4 Ne2+ 19. Kh1 Bd4 20. Rb1 Nxc1 21. Rfxc1 Rfe8 22. g3 Ra6 23. Kg2 Rae6 24. b4 axb4 25. axb4 Rxe4 1/2-1/2

[Event "NRW Class2 1314"]
[Site "Germany"]
[Date "2014.03.09"]
[Round "7.5"]
[White "Trzaska, Peter"]
[Black "Beckmann, Klaus"]
[Result "1/2-1/2"]
[WhiteElo "2069"]
[BlackElo "2071"]
[PlyCount "78"]
[EventDate "2013.09.15"]
[EventType "team-tourn"]
[EventRounds "9"]
[EventCountry "GER"]
[SourceTitle "EXT 2015"]
[Source "ChessBase"]
[SourceDate "2014.11.20"]
[SourceVersion "1"]
[SourceVersionDate "2014.11.20"]
[SourceQuality "1"]
[WhiteTeam "Herne Sodingen"]
[BlackTeam "Neuenkirchen"]
[WhiteTeamCountry "GER"]
[BlackTeamCountry "GER"]

1. d4 Nf6 2. Nf3 e6 3. g3 b6 4. Bg2 Bb7 5. 0-0 c5 6. c4 cxd4 7. Nxd4 Bxg2 8. Kxg2 Qc8 9. b3 a6 10. Bb2 Be7 11. Nc3 Qb7+ 12. Kg1 0-0 13. e3 Ra7 14. Qf3 Rc8 15. Qxb7 Rxb7 16. Rfd1 d6 17. Rac1 Nbd7 18. Ba3 Bf8 19. f3 Rbc7 20. Nde2 Nc5 21. e4 Nfd7 22. f4 Nf6 23. Bxc5 bxc5 24. Kg2 Nd7 25. Na4 Nb8 26. Rc2 g6 27. Rcd2 f5 28. Kf3 Kf7 29. h3 Nc6 30. g4 fxe4+ 31. Kxe4 Nb4 32. Kf3 Nc6 33. Nac3 Nd4+ 34. Nxd4 cxd4 35. Ne4 e5 36. Ng5+ Kf6 37. Ne4+ Ke6 38. Ng5+ Kf6 39. Ne4+ Ke6 1/2-1/2

[Event "NRW Class2 1314"]
[Site "Germany"]
[Date "2013.11.17"]
[Round "3.4"]
[White "Trzaska, Peter"]
[Black "Khasin, Abram Iosifovich"]
[Result "0-1"]
[WhiteElo "2069"]
[BlackElo "2144"]
[PlyCount "86"]
[EventDate "2013.09.15"]
[EventType "team-tourn"]
[EventRounds "9"]
[EventCountry "GER"]
[SourceTitle "EXT 2015"]
[Source "ChessBase"]
[SourceDate "2014.11.20"]
[SourceVersion "1"]
[SourceVersionDate "2014.11.20"]
[SourceQuality "1"]
[WhiteTeam "Herne Sodingen"]
[BlackTeam "Holsterhausen"]
[WhiteTeamCountry "GER"]
[BlackTeamCountry "GER"]

1. c4 e6 2. Nf3 d5 3. d4 Nf6 4. g3 dxc4 5. Qa4+ Bd7 6. Qxc4 Bc6 7. Bg2 Bd5 8. Qc2 Nc6 9. e3 Nb4 10. Qd1 Be4 11. Na3 Nd3+ 12. Kf1 Ng4 13. Ne1 Bxg2+ 14. Kxg2 Qd5+ 15. f3 Nxb2 16. Qb3 Bxa3 17. e4 Qxd4 18. fxg4 Qxe4+ 19. Nf3 Nd3 20. Bxa3 Qe2+ 21. Kh3 Qxf3 22. Rhf1 Nf4+ 23. Kh4 Qxb3 24. axb3 Nd5 25. g5 a5 26. Rf3 h6 27. g6 fxg6 28. Re1 Ra6 29. Ref1 Nf6 30. g4 g5+ 31. Kg3 Ne4+ 32. Kg2 Nf6 33. Rc1 Kd7 34. Bb2 Rf8 35. Be5 Rc6 36. Rxc6 bxc6 37. Bc3 c5 38. Bxa5 Ra8 39. Bc3 Nxg4 40. Rf7+ Kc6 41. Rxg7 Rb8 42. Be1 Ne3+ 43. Kf3 Nf5 0-1

[Event "NRW Class2 1314"]
[Site "Germany"]
[Date "2013.10.06"]
[Round "2.3"]
[White "Trzaska, Peter"]
[Black "Kotter, Ralf"]
[Result "1/2-1/2"]
[WhiteElo "2069"]
[BlackElo "2291"]
[PlyCount "37"]
[EventDate "2013.09.15"]
[EventType "team-tourn"]
[EventRounds "9"]
[EventCountry "GER"]
[SourceTitle "EXT 2015"]
[Source "ChessBase"]
[SourceDate "2014.11.20"]
[SourceVersion "1"]
[SourceVersionDate "2014.11.20"]
[SourceQuality "1"]
[WhiteTeam "Herne Sodingen"]
[BlackTeam "Dortmund Hansa II"]
[WhiteTeamCountry "GER"]
[BlackTeamCountry "GER"]

1. c4 e5 2. Nf3 Nc6 3. Nc3 g6 4. g3 Bg7 5. Bg2 d6 6. d3 Nge7 7. Nd5 Nxd5 8. cxd5 Ne7 9. e4 c6 10. dxc6 bxc6 11. 0-0 c5 12. b4 cxb4 13. Qa4+ Qd7 14. Qxb4 0-0 15. Ba3 Nc6 16. Qxd6 Qxd6 17. Bxd6 Rd8 18. Bc5 Rxd3 19. Rfd1 1/2-1/2

[Event "NRW Class2 1213"]
[Site "Germany"]
[Date "2013.02.17"]
[Round "6.5"]
[White "Beckmann, Klaus"]
[Black "Trzaska, Peter"]
[Result "1/2-1/2"]
[WhiteElo "2082"]
[BlackElo "2075"]
[PlyCount "27"]
[EventDate "2012.09.16"]
[EventType "team-tourn"]
[EventRounds "9"]
[EventCountry "GER"]
[SourceTitle "EXT 2017"]
[Source "ChessBase"]
[SourceDate "2016.10.25"]
[SourceVersion "1"]
[SourceVersionDate "2016.10.25"]
[SourceQuality "1"]
[WhiteTeam "Neuenkirchen"]
[BlackTeam "Herne Sodingen"]
[WhiteTeamCountry "GER"]
[BlackTeamCountry "GER"]

1. e4 c6 2. d4 d5 3. exd5 cxd5 4. Bd3 Nc6 5. c3 e5 6. dxe5 Nxe5 7. Nf3 Nxd3+ 8. Qxd3 Nf6 9. 0-0 Be7 10. Bg5 0-0 11. Nbd2 h6 12. Bh4 Be6 13. Rfe1 Re8 14. Nd4 1/2-1/2

[Event "Ruhrgebiet Verbandsliga1 1112"]
[Site "Nordrheinwestfalen"]
[Date "2012.03.04"]
[Round "7.4"]
[White "Kowallik, Juergen"]
[Black "Trzaska, Peter"]
[Result "0-1"]
[WhiteElo "1933"]
[BlackElo "2052"]
[PlyCount "80"]
[EventDate "2012.09.18"]
[EventType "team-tourn"]
[EventRounds "9"]
[EventCountry "GER"]
[SourceTitle "EXT 2020"]
[Source "ChessBase"]
[SourceDate "2019.10.17"]
[SourceVersion "1"]
[SourceVersionDate "2019.10.17"]
[SourceQuality "1"]
[WhiteTeam "Essen Ueberruhr"]
[BlackTeam "Herne Sodingen II"]
[WhiteTeamCountry "GER"]
[BlackTeamCountry "GER"]

1. e4 c6 2. d4 d5 3. exd5 cxd5 4. c4 Nf6 5. Nc3 g6 6. Bg5 Ne4 7. Be3 Nxc3 8. bxc3 Bg7 9. Qb3 dxc4 10. Bxc4 0-0 11. Nf3 Nc6 12. Be2 e5 13. dxe5 Nxe5 14. 0-0 Be6 15. Qxb7 Bd5 16. Qb5 Bc6 17. Qc5 Nxf3+ 18. gxf3 Qd5 19. Qxd5 Bxd5 20. Rfd1 Be6 21. Bd4 Rfc8 22. Ba6 Rc7 23. Rd2 Rxc3 24. Bxc3 Bxc3 25. Rad1 Bxd2 26. Rxd2 Rb8 27. Kg2 Rb4 28. Bc8 Bxc8 29. Rd8+ Kg7 30. Rxc8 Rb2 31. a4 Rb4 32. a5 Rb5 33. a6 Rb6 34. Re8 Rxa6 35. Re7 Kf6 36. Rb7 Ra4 37. Kg3 g5 38. Rc7 h5 39. f4 Ra3+ 40. f3 g4 0-1

[Event "NRW Class2 1112"]
[Site "Germany"]
[Date "2011.10.09"]
[Round "2.8"]
[White "Distelrath, Stephan"]
[Black "Trzaska, Peter"]
[Result "1/2-1/2"]
[WhiteElo "2009"]
[BlackElo "2058"]
[PlyCount "77"]
[EventDate "2011.09.18"]
[EventType "team-tourn"]
[EventRounds "9"]
[EventCountry "GER"]
[SourceTitle "EXT 2015"]
[Source "ChessBase"]
[SourceDate "2014.11.20"]
[SourceVersion "1"]
[SourceVersionDate "2014.11.20"]
[SourceQuality "1"]
[WhiteTeam "Koeln Ford SF"]
[BlackTeam "Herne Sodingen"]
[WhiteTeamCountry "GER"]
[BlackTeamCountry "GER"]

1. e4 d5 2. exd5 Nf6 3. d4 Nxd5 4. Nf3 g6 5. c4 Nb6 6. Be2 Bg7 7. Be3 c5 8. Nc3 cxd4 9. Bxd4 0-0 10. Bxg7 Kxg7 11. 0-0 Nc6 12. c5 Qxd1 13. Rfxd1 Nd7 14. Na4 Nf6 15. a3 Be6 16. Nc3 Bb3 17. Rd2 Rfd8 18. Bb5 Na5 19. Re1 a6 20. Ba4 Rxd2 21. Nxd2 Bxa4 22. Nxa4 Rd8 23. Nf3 Nc6 24. Nb6 Nd7 25. Nxd7 Rxd7 26. Kf1 Rd5 27. Rc1 e5 28. Ke1 f5 29. b4 e4 30. Ng5 Ne5 31. Ne6+ Kf6 32. Nf4 Rd7 33. Rd1 Rxd1+ 34. Kxd1 g5 35. Nd5+ Ke6 36. Nc7+ Kd7 37. Nd5 Ke6 38. Nc7+ Kd7 39. Nd5 1/2-1/2

[Event "Ruhrgebiet Verbandsliga1 1112"]
[Site "Nordrheinwestfalen"]
[Date "2011.10.09"]
[Round "2.4"]
[White "Trzaska, Peter"]
[Black "Stratmann, Holger"]
[Result "1/2-1/2"]
[WhiteElo "2052"]
[BlackElo "1973"]
[PlyCount "72"]
[EventDate "2012.09.18"]
[EventType "team-tourn"]
[EventRounds "9"]
[EventCountry "GER"]
[SourceTitle "EXT 2020"]
[Source "ChessBase"]
[SourceDate "2019.10.17"]
[SourceVersion "1"]
[SourceVersionDate "2019.10.17"]
[SourceQuality "1"]
[WhiteTeam "Herne Sodingen II"]
[BlackTeam "Katernberg SF III"]
[WhiteTeamCountry "GER"]
[BlackTeamCountry "GER"]

1. c4 g6 2. g3 Bg7 3. Nf3 Nf6 4. Bg2 0-0 5. 0-0 d5 6. cxd5 Nxd5 7. d4 Nc6 8. e4 Nb6 9. d5 Na5 10. Nc3 c6 11. Nd4 cxd5 12. exd5 e6 13. Nb3 Nxd5 14. Nxd5 exd5 15. Qxd5 Qxd5 16. Bxd5 Nxb3 17. axb3 Re8 18. Be3 Bxb2 19. Rxa7 Rxa7 20. Bxa7 Kg7 21. Rb1 Bc3 22. Be3 Rd8 23. Bf3 b5 24. g4 b4 25. Rd1 Rxd1+ 26. Bxd1 Kf6 27. f4 Be6 28. Kf2 Bd5 29. Bb6 Ke6 30. Ke3 f5 31. gxf5+ Kxf5 32. h3 h5 33. Bc2+ Kf6 34. Bd4+ Bxd4+ 35. Kxd4 Be6 36. h4 Bf5 1/2-1/2